Corporate Communication (Record no. 4611)

MARC details
005 - DATE AND TIME OF LATEST TRANSACTION
control field 20250623081959.0
020 ## - INTERNATIONAL STANDARD BOOK NUMBER
International Standard Book Number 0-256-05705-2
082 ## - DEWEY DECIMAL CLASSIFICATION NUMBER
Classification number 658.4ARC
100 ## - MAIN ENTRY--PERSONAL NAME
Author name Argenti. P
245 ## - TITLE STATEMENT
Title Corporate Communication
260 ## - PUBLICATION, DISTRIBUTION, ETC.
Place of publication, distribution, etc. New York,
Name of publisher, distributor, etc. Mc Graw Hill,
Date of publication, distribution, etc. 1994.
300 ## - PHYSICAL DESCRIPTION
Extent xix,; 191p,; ill,table, picture, figure
Other physical details Bibliography, Index
Dimensions 23cm
942 ## - ADDED ENTRY ELEMENTS (KOHA)
Source of classification or shelving scheme Dewey Decimal Classification
Koha item type Books
Holdings
Date last seen Total checkouts Full call number Barcode Cost, replacement price Price effective from Koha item type Lost status Source of classification or shelving scheme Damaged status Not for loan Withdrawn status Home library Current library Shelving location Date acquired Cost, normal purchase price
06/23/2025   658.4ARG DOM0003624 88500.00 06/23/2025 Books   Dewey Decimal Classification       CBE Dodoma CBE Dodoma Special Reserve Collection 04/12/2010 29500.00